Régimen jurídico del concubinato (Registro nro. 1648)

Detalles MARC
000 -LEADER
fixed length control field 00765 a2200217 4500
001 - CONTROL NUMBER
control field 28090
005 - DATE AND TIME OF LATEST TRANSACTION
control field 20260407155553.0
008 - FIXED-LENGTH DATA ELEMENTS--GENERAL INFORMATION
fixed length control field 260407a1997 arg spa d
003 - CONTROL NUMBER IDENTIFIER
control field AR-UNSa-BCEJYS
040 ## - CATALOGING SOURCE
Original cataloging agency AR-UNSa-BCEJYS
Language of cataloging spa
Transcribing agency AR-UNSa-BCEJYS
080 ## - UNIVERSAL DECIMAL CLASSIFICATION NUMBER
Universal Decimal Classification number 347.628.42
Common auxiliary subdivision Convivencia. Unión de hecho. Concubinato
020 ## - INTERNATIONAL STANDARD BOOK NUMBER
International Standard Book Number 950-508-020-6
100 1# - MAIN ENTRY--PERSONAL NAME
Personal name Bossert, Gustavo A.
245 10 - TITLE STATEMENT
Title Régimen jurídico del concubinato
250 ## - EDITION STATEMENT
Edition statement 4a. ed.
264 #1 - PRODUCTION, PUBLICATION, DISTRIBUTION, MANUFACTURE, AND COPYRIGHT NOTICE
Place of production, publication, distribution, manufacture Buenos Aires :
Name of producer, publisher, distributor, manufacturer Astrea
Date of production, publication, distribution, manufacture, or copyright notice 1997
300 ## - PHYSICAL DESCRIPTION
Extent xxiii, 262 p.
Dimensions 23 cm.
505 ## - FORMATTED CONTENTS NOTE
Formatted contents note 1. Introducción - 2. Caracterización y régimen - 3. Actos jurídicos de los concubinos - 4. Incidencia del concubinato en diversas relaciones jurídicas
590 ## - LOCAL NOTE (RLIN)
Local note niveau_biblio:m niveau_hierar:0
942 ## - ADDED ENTRY ELEMENTS (KOHA)
Koha item type
Existencias
Withdrawn status Lost status Damaged status Not for loan Home library Current library Shelving location Date acquired Total checkouts Full call number Barcode Date last seen Price effective from Koha item type
        Biblioteca Prof. Eusebio Cleto del Rey Biblioteca Prof. Eusebio Cleto del Rey   07/04/2026   347.628.42 B745 4ed. L119965 07/04/2026 07/04/2026 Libro